V hre je vyrovnanie záväzkov

Pokračovanie privatizácie v treťom kole. Privatizovaný majetok nemožno zaplatiť. Rast problematických úverov. Rovnováha medzi splatením privatizačných dlhov a tvorbou zdrojov nereálna. Periodizácia privatizačnej politiky.

Enregistré dans:
Détails bibliographiques
Auteur principal: Němec, Jaroslav
Format: Livre
Langue:slovaque
Sujets:
Tags: Ajouter un tag
Pas de tags, Soyez le premier à ajouter un tag!

MARC

LEADER 00000nam a2200000 4500
001 r030651
005 20230824094502.2
041 0 |a slo 
044 |a SK 
245 1 0 |a V hre je vyrovnanie záväzkov  |c Jaroslav Němec 
520 |a Pokračovanie privatizácie v treťom kole. Privatizovaný majetok nemožno zaplatiť. Rast problematických úverov. Rovnováha medzi splatením privatizačných dlhov a tvorbou zdrojov nereálna. Periodizácia privatizačnej politiky. 
610 2 0 |a privatizácia 
610 2 0 |a Slovensko 
610 2 0 |a majetok národný 
610 2 0 |a úver 
610 2 0 |a prognózy hospodárske 
610 2 0 |a FNM SR Bratislava 
100 1 |a Němec, Jaroslav